Droit du travail

Uloženo v:
Podrobná bibliografie
Hlavní autoři: Rivero, Jean (Autor), Savatier, Jean (Autor)
Médium: Kniha
Jazyk:francouzština
Vydáno: París Universitaires de France 1966
Vydání:4a. ed
Edice:Thémis. Manuels Juridiques, Economiques et Politiques
Témata:
Tagy: Přidat tag
Žádné tagy, Buďte první, kdo vytvoří štítek k tomuto záznamu!

MARC

LEADER 00000nam a2200000 a 4500
001 UCS2245
003 CL-VaPUC
008 970523e19660000FR |||||||||||||||||fre|d
082 0 4 |a 344.01  |b RIV  |2 21 
100 0 |a Rivero, Jean  |e author  |9 387447 
700 0 |a Savatier, Jean  |e author  |9 387448 
245 1 0 |a Droit du travail 
250 |a 4a. ed 
300 |a 540 p 
942 |c BK 
945 |d 19970523 00:00:00  |a cmena 
260 |a París  |b Universitaires de France  |c 1966 
650 7 |a DERECHO LABORAL  |2 CL-VaPUC  |9 15 
650 0 |a Historia del derecho  |9 255109 
650 0 |a Empresas   |9 255569 
650 0 |a Trabajadores  |9 260887 
650 0 |a Jurisprudencia  |9 255952 
650 0 |a Conflictos  |9 332195 
650 7 |a CONTRATO DE TRABAJO  |2 CL-VaPUC  |9 387449 
650 0 |a Derecho positivo  |9 255911 
650 0 |a Negociación colectiva  |9 312433 
651 0 |a Francia  |9 255157 
583 |a last modification  |c 20170712 10:20:49  |k Rodrigo Vera 
490 0 |a Thémis. Manuels Juridiques, Economiques et Politiques 
999 |c 260221  |d 260219 
952 |0 0  |1 0  |4 0  |6 344_010000000000000_RIV_1966  |7 0  |8 A  |9 286142  |a BIBDER  |b BIBDER  |d 2019-11-19  |i 1858424  |o 344.01 RIV 1966  |p 1858424  |r 2023-01-25  |w 2019-11-19  |y BK  |k DER